000 00435nam a2200169Ia 4500
001 22987
005 20260414150907.0
008 260414t2013||||xx |||||||||||||| ||spa||
041 _aESP
082 _a624.1762
_bA166
245 0 _aImprovement of nonlinear static seismic analysis procedures FEMA 440
_b
260 _c2013
300 _aVarias paginaciones :
_c28 cm.
650 _a0
654 _aCIC
942 _cLIB
_dJUS
_fJUS
_2ddc
_n
999 _c22987
_d22987